رفيق العثماني : وهو قاموس يحتوي على نيف وأثني عشر ألف كلمة تركية وفارسية مترجمة إلى اللغة العربية

محفوظ في:

المؤلف الرئيسي: Amin Khoury.

التنسيق: كتاب

اللغة: Undetermined

منشور في: Bayrūt Amin Khoury 1894

الوسوم: إضافة وسم

لا توجد وسوم, كن أول من يضع وسما على هذه التسجيلة!

رقم الطلب: (R)A10ARAB KHUR

LEADER 00467nam a2200121Ia 4500
008 240404s9999||||xx |||||||||||||| ||und||
050 4 |a (R)A10ARAB KHUR 
100 1 |a Amin Khoury. 
245 1 0 |a رفيق العثماني : وهو قاموس يحتوي على نيف وأثني عشر ألف كلمة تركية وفارسية مترجمة إلى اللغة العربية   |c Amin Khoury 
264 1 |a Bayrūt  |b Amin Khoury  |c 1894 
300 |a 336  |c 21 
942 |2 lcc  |c BK 
999 |c 58027  |d 58027